000 00770nam a22002657a 4500
001 4675
003 FISKH
005 20240920085019.0
008 240920b cb ||||| |||| 00| 0 eng d
020 _a9780545372374
040 _aFISKH
_beng
_cFISKH
_dFISKH
050 _aPZ7
082 _a629.222
100 _aEvans, Lynette
245 _aOn a roll with wheels /
_cBy Lynette Evans
260 _aNew York :
_bScholastic,
_c2011
300 _a28 pages :
_bcolor illustrations ;
_c22 cm
505 _aH
520 _aHonk, honk, Beep! Look at the traffic on the road. How do wheels help people move around.
521 8 _a430
_bLexile IG
521 8 _aJ
_bRaz-Plus
650 _aWheel
_vTransportations
942 _2ddc
_cBK
_n0
999 _c4675
_d4675